Country Passport Colors Multiple Choice - Statistics

General Stats
  • This quiz has been taken 10 times
  • The average score is 7 of 15
Answer Stats
Question Answer % Correct
United States Blue
89%
Pakistan Green
78%
Russia Red
78%
New Zealand Black
67%
Singapore Red
67%
Angola Black
56%
Saudi Arabia Green
56%
Mexico Green
56%
Italy Red
56%
Republic of the Congo Black
33%
Brazil Blue
33%
Cuba Blue
33%
Tanzania Blue
22%
Estonia Black
11%
Taiwan Green
11%
No matching quizzes found
Score Distribution
Percent of People with Each Score
Percentile by Number Answered
Your Score History
You have not taken this quiz